The Senate's role in confirmation of political appointees (Record no. 161346)
[ view plain ]
| 000 -LEADER | |
|---|---|
| fixed length control field | 01657nam a2200373 a 4500 |
| 245 04 - TITLE STATEMENT | |
| Title | The Senate's role in confirmation of political appointees |
| 260 ## - PUBLICATION, DISTRIBUTION, ETC. (IMPRINT) | |
| Place of publication | New York : |
| Name of publisher | Nova Science Publishers, |
| Year of publication | c2009. |
| 300 ## - PHYSICAL DESCRIPTION | |
| Number of Pages | ix, 187 p. |
| 490 1# - SERIES STATEMENT | |
| Series statement | Congressional policies, practices and procedures series |
| 500 ## - GENERAL NOTE | |
| General note | "Edited, excerpted and augmented" from reports prepared by the Congressional Research Service or the Government Accountability Office. |
| 700 1# - ADDED ENTRY--PERSONAL NAME | |
| Personal name | Connor, Michael K. |
| Personal name | Rangel, Matthew D. |
| 856 40 - ELECTRONIC LOCATION AND ACCESS | |
| Uniform Resource Identifier | http://site.ebrary.com/lib/rucke/Doc?id=10670943 |
No items available.
